Genshin Impact Character Quiz (2.8) - Statistics

General Stats
  • This quiz has been taken 593 times
  • The average score is 40 of 52
Answer Stats
Answer % Correct
Diluc
90%
Barbara
89%
Kaeya
88%
Raiden Shogun
88%
Venti
88%
Zhongli
88%
Jean
87%
Mona
87%
Ayato
85%
Bennett
82%
Childe
82%
Kokomi
82%
Xingqiu
82%
Ayaka
80%
Klee
80%
Lisa
80%
Amber
79%
Hu Tao
79%
Itto
79%
Kazuha
79%
Qiqi
79%
Razor
79%
Yae Miko
79%
Chongyun
77%
Ganyu
77%
Xiangling
77%
Yelan
77%
Albedo
76%
Noelle
76%
Sucrose
76%
Xiao
76%
Diona
75%
Gorou
75%
Shenhe
75%
Keqing
73%
Fischl
72%
Ningguang
72%
Sayu
72%
Xinyan
72%
Eula
71%
Beidou
70%
Heizou
69%
Yanfei
69%
Rosaria
68%
Thoma
68%
Yoimiya
66%
Sara
65%
Yun Jin
64%
Kuki Shinobu
63%
Traveler (Anemo)
60%
Traveler (Electro)
60%
Traveler (Geo)
60%
No matching quizzes found
Score Distribution
Percent of People with Each Score
Percentile by Number Answered
Your Score History
You have not taken this quiz